LEADER 00963nam0 2200277 450 001 000026742 005 20091103171724.0 010 $a978-88-343-0743-4 100 $a20091103d2002----km-y0itay50------ba 101 0 $aita 102 $aIT 105 $aa-------001yy 200 1 $aLineamenti di teoria e metodologia del movimento umano$fFrancesco Casolo 210 $aMilano$cVita e pensiero$dc2002 215 $aX, 244 p.$cill.$d24 cm 225 2 $aTrattamenti e manuali 410 0$12001$aTrattamenti e manuali 500 10$aLineamenti di teoria e metodologia del movimento umano$942370 610 1 $aEducazione motoria$aAspetti pedagocici 676 $a613.7$v21$9Promozione della salute. Aspetti 700 1$aCasolo,$bFrancesco$0624697 801 0$aIT$bUNIPARTHENOPE$c20091103$gRICA$2UNIMARC 912 $a000026742 951 $a613-L/1$b41851$cNAVA1$d2009 996 $aLineamenti di teoria e metodologia del movimento umano$942370 997 $aUNIPARTHENOPE LEADER 01119nam 2200349 450 001 9910811908103321 005 20230808205532.0 010 $a0-309-44971-5 035 $a(CKB)4340000000021020 035 $a(MiAaPQ)EBC4720520 035 $a(EXLCZ)994340000000021020 100 $a20200110d2016 uy 0 101 0 $aeng 135 $aurcnu|||||||| 181 $ctxt$2rdacontent 182 $cc$2rdamedia 183 $acr$2rdacarrier 200 12$aA vision for the future of center-based multidisciplinary engineering research $eproceedings of a symposium /$fJoe Alper 210 1$aWashington, DC :$cNational Academies Press,$d2016. 215 $a1 online resource (59 pages) 311 $a0-309-44970-7 606 $aEngineering$xResearch$zUnited States$vCongresses 615 0$aEngineering$xResearch 676 $a620.0072073 700 $aAlper$b Joe$01103652 801 0$bMiAaPQ 801 1$bMiAaPQ 801 2$bMiAaPQ 906 $aBOOK 912 $a9910811908103321 996 $aA vision for the future of center-based multidisciplinary engineering research$94004218 997 $aUNINA